| 000 | 00381nam a22001457a 4500 | ||
|---|---|---|---|
| 999 |
_c15568 _d15568 |
||
| 003 | OSt | ||
| 008 | 190516b ||||| |||| 00| 0 eng d | ||
| 020 | _a9789381450437 | ||
| 082 |
_a631.521 _bPAD/TE |
||
| 100 |
_aPadmavathi, S _94049 |
||
| 245 | _aText Book of Seed Science and Technology | ||
| 260 |
_aNew Delhi _bNew India Publishing Agency _c2011 |
||
| 300 | _a272 p | ||
| 942 | _cBK | ||